Mariages - Anniversaires. - Statistiques

Statistiques générales
  • Ce quiz a été pris 35 fois
  • Le résultat moyen est 23 sur 100
Statistiques - réponses
HINT ANSWER % Correct
60 ans Diamant
94%
50 ans Or
94%
25 ans Argent
81%
22 ans Bronze
68%
1 an Coton
68%
40 ans Émeraude
61%
35 ans Rubis
61%
70 ans Platine
58%
5 ans Bois
55%
17 ans Rose
55%
16 ans Saphir
55%
37 ans Papier
52%
80 ans Chêne
48%
41 ans Fer
48%
15 ans Cristal
45%
32 ans Cuivre
45%
10 ans Étain
45%
2 ans Cuir
42%
12 ans Soie
42%
48 ans Améthyste
35%
7 ans Laine
35%
26 ans Jade
32%
30 ans Perle
32%
14 ans Plomb
32%
100 ans Eau
29%
20 ans Porcelaine
29%
44 ans Topaze
29%
78 ans Ébène
26%
62 ans Ivoire
26%
34 ans Ambre
23%
21 ans Opale
23%
24 ans Satin
23%
56 ans Buis|Lapis-lazuli
19%
82 ans Grenat
19%
84 ans Iris
19%
92 ans Lys
19%
38 ans Mercure
19%
28 ans Nickel
19%
89 ans Onyx
19%
55 ans Orchidée
19%
72 ans Titane
19%
29 ans Velours
19%
76 ans Zinc
19%
47 ans Cachemire
16%
8 ans Coquelicot
16%
39 ans Crêpe
16%
73 ans Fonte
16%
3 ans Froment
16%
93 ans Lapis-lazuli
16%
63 ans Lilas
16%
42 ans Nacre
16%
52 ans Tourmaline
16%
18 ans Turquoise
16%
27 ans Acajou
13%
75 ans Albâtre
13%
79 ans Bambou
13%
51 ans Camélia
13%
6 ans Chypre
13%
4 ans Cire
13%
11 ans Corail
13%
9 ans Faïence
13%
68 ans Granit
13%
46 ans Lavande
13%
65 ans Palissandre
13%
61 ans Platane
13%
64 ans Astrakan
10%
57 ans Azalée
10%
23 ans Béryl
10%
49 ans Cèdre
10%
67 ans Chinchilla
10%
19 ans Cretonne
10%
58 ans Érable
10%
86 ans Jaspe
10%
69 ans Mélèze
10%
13 ans Muguet
10%
71 ans Ocre
10%
59 ans Olivier|Vison
10%
77 ans Silice
10%
85 ans Uranium
10%
45 ans Vermeil
10%
31 ans Basane
6%
81 ans Cornaline
6%
43 ans Flanelle
6%
66 ans Jasmin
6%
53 ans Merisier
6%
36 ans Mousseline
6%
88 ans Pehuen
6%
33 ans Porphyre
6%
87 ans Psilocybe
6%
74 ans Sienne
6%
83 ans Vanille
6%
54 ans Zibeline
6%
99 ans Araucaria
3%
98 ans If
3%
94 ans Péridot
3%
96 ans Potasse
3%
95 ans Adansonia
0%
90 ans Granite
0%
91 ans Héliodore
0%
97 ans Tourmaline noire
0%
Aucun quiz correspondant
Distribution des résultats
% des personnes avec chaque résultat
Percentile par nombre de réponses
Votre historique - résultats
Vous n’avez pas pris ce quiz